[Event "Stay Safe Play From Home 346"]
[Site "Emanuel Lasker Arena"]
[Date "2020.07.31"]
[Round "4"]
[White "Mw testing"]
[Black "Haris kollari 13"]
[Result "1-0"]
[WhiteElo "1596"]
[BlackElo "1701"]
[Annotator "NA"]
[PlyCount "63"]
[EventDate "2020.07.31"]
[EventType "swiss (blitz)"]

1. d4 {[%emt 0:00:02]} e6 {[%emt 0:00:00]} 2. c4 {[%emt 0:00:01]} d5 {[%emt 0:00:00]} 3. Nf3 {[%emt 0:00:02]} c6 {[%emt 0:00:00]} 4. g3 {[%emt 0:00:00]} f5 {[%emt 0:00:01]} 5. Bg2 {[%emt 0:00:02]} Nf6 {[%emt 0:00:00]} 6. O-O {[%emt 0:00:00]} Bd6 {[%emt 0:00:01]} 7. b3 {[%emt 0:00:00]} h6 {[%emt 0:00:01]} 8. Ba3 {[%emt 0:00:00]} Qe7 {[%emt 0:00:03]} 9. Bxd6 {[%emt 0:00:01]} Qxd6 {[%emt 0:00:01]} 10. Nbd2 {[%emt 0:00:00]} O-O {[%emt 0:00:02]} 11. Ne5 {[%emt 0:00:02]} Nbd7 {[%emt 0:00:01]} 12. Nd3 {[%emt 0:00:03]} Rf7 {[%emt 0:00:03]} 13. Nf3 {[%emt 0:00:01]} Ng4 {[%emt 0:00:04]} 14. h3 {[%emt 0:00:02]} Ngf6 {[%emt 0:00:01]} 15. Nfe5 {[%emt 0:00:01]} Rf8 {[%emt 0:00:03]} 16. Qc2 {[%emt 0:00:09]} g5 {[%emt 0:00:01]} 17. Rae1 {[%emt 0:00:02]} Kg7 {[%emt 0:00:01]} 18. f3 {[%emt 0:00:01]} Qe7 {[%emt 0:00:03]} 19. e4 {[%emt 0:00:01]} fxe4 {[%emt 0:00:02]} 20. fxe4 {[%emt 0:00:00]} Nxe4 {[%emt 0:00:05]} 21. Rxf8 {[%emt 0:00:02]} Qxf8 {[%emt 0:00:03]} 22. Bxe4 {[%emt 0:00:01]} dxe4 {[%emt 0:00:01]} 23. Rxe4 {[%emt 0:00:01]} Nf6 {[%emt 0:00:02]} 24. Re1 {[%emt 0:00:02]} Nd5 {[%emt 0:00:01]} 25. cxd5 {[%emt 0:00:05]} exd5 {[%emt 0:00:02]} 26. Rf1 {[%emt 0:00:01]} Qd6 {[%emt 0:00:02]} 27. Qf2 {[%emt 0:00:01]} Be6 {[%emt 0:00:02]} 28. Qf6+ {[%emt 0:00:01]} Kg8 {[%emt 0:00:01]} 29. Qg6+ {[%emt 0:00:01]} Kh8 {[%emt 0:00:03]} 30. Rf6 {[%emt 0:00:01]} Re8 {[%emt 0:00:02]} 31. Qxh6+ {[%emt 0:00:01]} Kg8 {[%emt 0:00:01]} 32. Rg6# {[%emt 0:00:01] Mate} 1-0

[Event "Stay Safe Play From Home 346"]
[Site "Emanuel Lasker Arena"]
[Date "2020.07.31"]
[Round "4"]
[White "Trotsky"]
[Black "Hickey"]
[Result "0-1"]
[WhiteElo "1568"]
[BlackElo "2030"]
[Annotator "TA"]
[PlyCount "86"]
[EventDate "2020.07.31"]
[EventType "swiss (blitz)"]

{[%evp 9,86,6,56,-24,0,-52,-34,-108,-65,-255,-137,-420,-424,-404,-390,-381,-327,-332,-343,-678,-611,-614,-454,-440,-375,-457,-460,-775,-789,-954,-905,-847,-634,-634,-631,-810,-801,-1933,-794,-845,-831,-1009,-993,-1123,-1120,-1147,-1039,-1022,-1026,-1027,-1016,-1319,-1278,-1255,-1058,-1434,-1174,-1703,-1341,-1501,-1458,-5547,-5033,-29983,-29977,-29983,-29983,-29989,-6336,-29990,-6927,-29990,-29982,-29991,-29980,-29979,-29949,-29980,-29981]} 1. d4 Nf6 2. e3 e6 3. c4 Be7 4. Nc3 O-O 5. Bd3 b6 {[#]} 6. Qc2 $146 {A45: Trompowsky Attack.} (6. e4 $14) ({Predecessor:} 6. Nf3 Bb7 7. O-O c5 8. Qc2 Bxf3 9. gxf3 cxd4 10. exd4 d5 11. Bg5 h6 12. Bh4 dxc4 13. Be4 Nxe4 14. Bxe7 Qxe7 15. Nxe4 b5 {0-1 (37) Frazao,P (1753)-Karoly,J (1762) Campo Grande 2013}) 6... Bb7 7. f3 (7. Nf3 $11) 7... d5 8. Bd2 ({White should try} 8. cxd5 $15 exd5 9. Nge2) 8... c5 {...cxd4 is the strong threat.} 9. h4 $2 {[#]} (9. cxd5 $15 exd5 10. a3) 9... Nc6 ({Better is} 9... dxc4 $19 10. Bxc4 cxd4 11. exd4 Qxd4) 10. a3 $2 {[%mdl 8192]} (10. cxd5 $17 {was called for.} Nb4 {[%mdl 64] Double Attack} 11. Qb1) 10... cxd4 $19 11. Nce2 dxe3 12. Bxe3 dxc4 13. Bxc4 Rc8 14. Nh3 $2 (14. Rd1 Qc7 15. Bd3) 14... Ne5 15. b3 Nxc4 16. bxc4 Qc7 17. Ng5 Qxc4 18. Qb1 (18. Qxc4 $142 Rxc4 19. Kf2) 18... Ba6 {[%csl Ga6][%cal Rc4e2] [#]} 19. Qb2 h6 20. Rc1 Qxe2+ 21. Qxe2 Rxc1+ 22. Kf2 Bxe2 23. Kxe2 hxg5 24. Rxc1 gxh4 25. g4 Nd5 26. Bf2 Bxa3 27. Rh1 Bc5 28. Bxh4 f6 29. Kd3 Kf7 30. Kc4 Rc8 31. Kb5 Be3 32. Be1 Rc2 33. Ka6 Bf4 34. Rh8 Re2 35. Bb4 Ra2+ 36. Ba5 Nb4+ 37. Kb7 bxa5 38. Rc8 Rf2 (38... Rc2 $142 39. Rb8 Bxb8 40. Kxb8 a4 41. g5 a3 42. Kxa7 fxg5 43. Kb6 a2 44. Kb5 a1=Q 45. f4 Nc6 46. Kb6 Qa7+ 47. Kb5 Rc5#) 39. Rc7+ Kg6 (39... Bxc7 $142 40. Kxc7 a4 41. f4 Rc2+ 42. Kb8 a3 43. g5 a2 44. Kb7 a1=Q 45. g6+ Ke8 46. Kb8 Qa6 47. Ka8 Rc8#) 40. Kxa7 Rxf3 {Black mates.} 41. Kb6 Rg3 42. Rc4 Rxg4 43. Kxa5 Nd5 {White got outplayed after the opening. Accuracy: White =  8%, Black = 60%.} 0-1

[Event "Stay Safe Play From Home 346"]
[Site "Emanuel Lasker Arena"]
[Date "2020.07.31"]
[Round "5"]
[White "Mepe_Nika"]
[Black "Hickey"]
[Result "1-0"]
[WhiteElo "2424"]
[BlackElo "2032"]
[Annotator "RC"]
[PlyCount "63"]
[EventDate "2020.07.31"]
[EventType "swiss (blitz)"]

1. d4 {[%emt 0:00:01]} d6 {[%emt 0:00:02]} 2. e4 {[%emt 0:00:01]} Nf6 {[%emt 0:00:00]} 3. Nc3 {[%emt 0:00:01]} g6 {[%emt 0:00:00]} 4. Nf3 {[%emt 0:00:03]} Bg7 {[%emt 0:00:00]} 5. h3 {[%emt 0:00:01]} O-O {[%emt 0:00:00]} 6. Be2 {[%emt 0:00:00]} c6 {[%emt 0:00:01]} 7. Bf4 {[%emt 0:00:02]} b5 {[%emt 0:00:01]} 8. a3 {[%emt 0:00:01]} a5 {[%emt 0:00:02]} 9. O-O {[%emt 0:00:01]} Ba6 {[%emt 0:00:00]} 10. e5 {[%emt 0:00:01]} Nd5 {[%emt 0:00:01]} 11. Nxd5 {[%emt 0:00:01]} cxd5 {[%emt 0:00:00]} 12. exd6 {[%emt 0:00:00]} e6 {[%emt 0:00:03]} 13. Qd2 {[%emt 0:00:01]} Re8 {[%emt 0:00:01]} 14. c3 {[%emt 0:00:03]} Bf8 {[%emt 0:00:01]} 15. a4 {[%emt 0:00:03]} bxa4 {[%emt 0:00:02]} 16. Rxa4 {[%emt 0:00:03]} Bxe2 {[%emt 0:00:00]} 17. Qxe2 {[%emt 0:00:00]} Bxd6 {[%emt 0:00:01]} 18. Bxd6 {[%emt 0:00:00]} Qxd6 {[%emt 0:00:00]} 19. Rfa1 {[%emt 0:00:00]} Nc6 {[%emt 0:00:01]} 20. Ne5 {[%emt 0:00:00]} Nxe5 {[%emt 0:00:01]} 21. dxe5 {[%emt 0:00:00]} Qb6 {[%emt 0:00:00]} 22. h4 {[%emt 0:00:01]} Rec8 {[%emt 0:00:02]} 23. h5 {[%emt 0:00:01]} Rab8 {[%emt 0:00:04]} 24. b4 {[%emt 0:00:05]} axb4 {[%emt 0:00:02]} 25. cxb4 {[%emt 0:00:00]} Qb5 {[%emt 0:00:02]} 26. Qf3 {[%emt 0:00:02]} Rc4 {[%emt 0:00:03]} 27. Ra7 {[%emt 0:00:02]} Rb7 {[%emt 0:00:02]} 28. h6 {[%emt 0:00:02]} Rxa7 {[%emt 0:00:03]} 29. Rxa7 {[%emt 0:00:00]} Qe8 {[%emt 0:00:02]} 30. Qf6 {[%emt 0:00:01]} Qf8 {[%emt 0:00:00]} 31. Ra8 {[%emt 0:00:02]} Rxb4 {[%emt 0:00:06]} 32. Qg7# {[%emt 0:00:01] (Lag: Av=0.60s, max=0.9s)} 1-0

[Event "Stay Safe Play From Home 346"]
[Site "Emanuel Lasker Arena"]
[Date "2020.07.31"]
[Round "5"]
[White "Nuktotitakoi"]
[Black "AChessPlayer"]
[Result "0-1"]
[WhiteElo "2325"]
[BlackElo "2393"]
[Annotator "TA"]
[PlyCount "176"]
[EventDate "2020.07.31"]
[EventType "swiss (blitz)"]

{[%evp 12,176,-9,0,-6,-14,1,0,0,-33,-25,-31,-36,-48,21,-82,-81,-147,-50,-52,-37,-43,-32,-71,-35,-67,-64,-90,-79,-68,-72,-68,-63,-56,-60,-53,-25,-247,-45,-497,-491,-506,-500,-617,-589,-581,-566,-670,-491,-597,-597,-594,-434,-589,-593,-655,-600,-597,-581,-675,-676,-663,-639,-642,-620,-902,-756,-753,-628,-606,-50,-50,-50,-79,-79,-79,-79,-79,-24,-79,-13,-68,-68,-68,-68,-1018,-237,-29961,-29958,-29968,-29960,-29958,-29961,-29972,-29973,-29959,-29953,-29977,-29978,-29978,-29979,-29979,-29980,-29980,-29981,-29981,-29982,-29983,-29983,-29983,-29984,-29984,-29985,-29985,-29986,-29986,-29985,-29985,-29986,-29986,-29987,-29988,-29989,-29989,-29990,-29990,-29991,-29992,-29989,-29990,-29990,-29991,-29991,-29991,-29991,-29992,-29993,-29993,-29992,-29994,-29993,-29993,-29990,-29992,-29992,-29992,-29992,-29993,-29993,-29993,-29994,-29994,-29993,-29995,-29995,-29995,-29994,-29994,-29994,-29995,-29994,-29994,-29994,-29995,-29996,-29996,-29997]} 1. e4 c6 2. Nc3 d5 3. d4 dxe4 4. Nxe4 Nf6 5. Ng3 e5 6. Nf3 exd4 7. Qxd4 Qxd4 {B15: Caro-Kann: 3 Nc3: 3...g6 and 3...dxe4 4 Nxe4 Nf6 5 Nxf6+ exf6.} 8. Nxd4 Bc5 9. Be3 O-O {[#] The position is equal.} 10. h3 $146 ({Predecessor:} 10. Ndf5 Bxe3 11. Nxe3 Be6 12. O-O-O Nbd7 13. Bc4 Nc5 14. Bxe6 Nxe6 15. Ngf5 Ne4 16. Rhf1 g6 17. Nd6 Nxd6 18. Rxd6 Rfd8 19. Rfd1 Rxd6 20. Rxd6 Rd8 21. Rxd8+ Nxd8 22. Kd2 {½-½ (22) Bogaakca,M (1665)-Kiziltas,I (1826) Sivas 2019}) 10... Nd5 11. O-O-O Nxe3 12. fxe3 Re8 (12... g6 $15) 13. e4 (13. Bc4 $1 $11) 13... Nd7 14. Ngf5 ({White should play} 14. Ndf5) 14... Ne5 (14... g6 $17 15. Ng3 Bd6) 15. Nb3 Bf8 16. Nd6 Rd8 17. Nc4 Rxd1+ 18. Kxd1 Ng6 19. Be2 Be6 20. Rf1 Rd8+ 21. Kc1 Nh4 22. g4 g6 23. c3 Bh6+ 24. Kc2 $2 (24. Kb1 $11 {and White has nothing to worry.}) 24... Ng2 $2 (24... Bxc4 $1 $19 25. Bxc4 Ng2) 25. Rd1 $2 {[%mdl 8192]} (25. Rg1 $1 $15 Nf4 26. Bf1) 25... Rxd1 $19 26. Kxd1 Bxc4 $1 27. Bf3 Ne3+ 28. Ke1 Be6 29. Nd4 Nc4 30. b3 Ne5 31. Be2 Be3 32. Nc2 Bc5 33. c4 Be7 34. Kd2 a5 35. a3 h6 36. Kc3 Kg7 37. b4 Bf6 38. Kb3 axb4 39. axb4 {[#]} h5 $1 40. Nd4 (40. gxh5 Bxh3) 40... Nxc4 $2 ({Black should try} 40... Bd7 $19 41. gxh5 Bxh3 42. hxg6 fxg6) 41. Nxe6+ $15 fxe6 42. Kxc4 $19 {[%mdl 4096] Endgame KB-KB} h4 43. Kc5 {[#]} Be7+ $1 44. Kb6 Bxb4 ({Better is} 44... Kf6 $17) 45. Kxb7 (45. g5 $11) 45... c5 (45... Kf6 $17 46. Kxc6 Ke5) 46. Bc4 (46. g5 $11) 46... Kf6 $15 47. Kc6 Ke5 48. Kd7 $2 {[%mdl 8192] Black converts the advantage convincingly.} (48. g5 $15) 48... g5 $2 (48... Kxe4 {Threatens to win with ...e5.} 49. Kxe6 g5) 49. Bxe6 $2 (49. Bd3 $19) 49... Kxe4 {Black mates.} 50. Ke7 Kd3 51. Kf6 Bd2 52. Bf5+ Kd4 53. Ke6 c4 54. Bc2 Kc3 55. Ba4 Kb2 56. Kf5 {[#]} c3 $1 57. Ke4 c2 58. Bxc2 Kxc2 {KB-KPP} 59. Kf5 Bf4 60. Ke4 Kd1 61. Kf3 Ke1 62. Kg2 Ke2 63. Kh1 Be5 64. Kg2 Bg7 65. Kh1 Kf3 66. Kg1 Kg3 67. Kh1 Kxh3 68. Kg1 Kxg4 69. Kh1 Kh5 70. Kg1 g4 71. Kh1 Kg5 72. Kg1 Bh6 73. Kh1 Kf4 74. Kg1 Bg5 75. Kh1 Kg3 76. Kg1 Kh3 77. Kh1 g3 78. Kg1 g2 {[%cal Rg5e3]} 79. Kf2 Kh2 80. Kf3 g1=Q {[%csl Gh2][%cal Rg1g2]} 81. Ke4 Qg3 82. Kf5 Kg2 83. Ke6 Be3 84. Kd5 Bg1 85. Kc4 Kf2 86. Kb5 h3 87. Kc6 h2 88. Kd7 h1=Q {Accuracy: White = 48%, Black = 68%.} 0-1

[Event "Stay Safe Play From Home 346"]
[Site "Emanuel Lasker Arena"]
[Date "2020.07.31"]
[Round "5"]
[White "Tolka"]
[Black "NTBT_DHS"]
[Result "0-1"]
[WhiteElo "2255"]
[BlackElo "2627"]
[Annotator "TA"]
[PlyCount "76"]
[EventDate "2020.07.31"]
[EventType "swiss (blitz)"]

{[%evp 9,75,35,90,47,83,86,125,58,68,47,56,0,42,20,30,0,0,0,0,0,7,-104,-18,-91,0,-470,-467,-437,-442,-474,-375,-655,-705,-700,-665,-1051,-1041,-1177,-1168,-1141,-1145,-1245,-1231,-1198,-1110,-1199,-1181,-1391,-1389,-1351,-1287,-29982,-29983,-29994,-29995,-29995,-29996,-29998,-29995,-29996,-29997,-29997,-29997,-29997,-29998,-29998,-29999,-29999]} 1. e4 g6 2. d4 Bg7 3. Nc3 d6 4. f4 Nd7 5. Be3 c5 (5... e6 $14) 6. Qd2 {[#] B06: Modern Defence.} cxd4 $146 ({Predecessor:} 6... Qa5 7. Nf3 Ngf6 8. h3 O-O 9. Bd3 a6 10. O-O cxd4 11. Bxd4 e5 12. Be3 exf4 13. Bxf4 {1-0 (64) Gazi,M (2138)-Lauf,P (2143) Slovakia 2011}) 7. Bxd4 Ngf6 {[#]} 8. O-O-O (8. e5 $1 $16) 8... Qa5 9. Kb1 {Strongly threatening e5!} O-O 10. Bd3 ({Better is} 10. Nf3 $14) 10... Nc5 11. Nf3 Bg4 12. Nd5 (12. Be2 {with more complications.} Ne6 13. Bxf6 Bxf6 14. Nd5 Qxd2 15. Rxd2 Nc5 16. e5) 12... Qxd2 $1 13. Nxe7+ Kh8 14. Rxd2 Nfxe4 15. Bxg7+ Kxg7 16. Re2 (16. Bxe4 $1 $11 Nxe4 17. Re2) 16... f5 (16... Rae8 $17 17. Bxe4 Rxe7) 17. h3 $2 {[%mdl 8192] Black converts the advantage convincingly.} (17. Nd5 $11 {and White has nothing to worry.}) 17... Bxf3 $19 18. gxf3 Ng3 $1 {[%csl LRe2,LRh1][%mdl 64] [#] Double Attack} 19. Rhe1 Nxe2 20. Rxe2 $2 (20. Bxe2 Rfe8 21. Nd5) 20... Nxd3 21. cxd3 {[%mdl 4096] Endgame KRR-KRN} Rae8 22. Kc2 Kf7 23. Kd2 Rxe7 24. Rg2 Rfe8 25. h4 Re3 26. Rf2 Re1 27. Rg2 Rf1 28. Rg3 Rf2+ 29. Kc3 Ree2 30. Rh3 Rxb2 {Black mates.} 31. h5 Rfc2+ 32. Kd4 Rb4+ 33. Kd5 Rc5+ 34. Kxd6 b6 {[%cal Rb4d4]} 35. hxg6+ hxg6 {[%cal Rb4d4]} 36. Rh7+ Kf6 {[%cal Rb4d4]} 37. Kd7 Rd4+ {[%mdl 64] Double Attack} 38. Ke8 Rc8# {Accuracy: White = 26%, Black = 72%.} 0-1

[Event "Stay Safe Play From Home 346"]
[Site "Emanuel Lasker Arena"]
[Date "2020.07.31"]
[Round "5"]
[White "SoulofWolf"]
[Black "Trotsky"]
[Result "1-0"]
[WhiteElo "2033"]
[BlackElo "1566"]
[Annotator "TA"]
[PlyCount "59"]
[EventDate "2020.07.31"]
[EventType "swiss (blitz)"]

{[%evp 15,59,22,9,0,94,35,109,65,72,-35,0,0,129,112,133,94,218,187,584,576,1027,484,508,334,312,222,223,210,395,245,258,201,197,138,193,159,160,158,225,165,145,158,572,562,684,635]} 1. d4 d5 2. Nf3 e6 3. c4 c5 4. Nc3 Nc6 5. e3 Nf6 6. a3 a6 7. dxc5 Bxc5 8. b4 Bd6 9. c5 {[#] D40: Queen's Gambit Declined: Semi-Tarrasch with 5 e3.} Be5 $146 (9... Bc7 $11 {keeps the balance.}) ({Predecessor:} 9... Bc7 10. Bb2 O-O 11. Be2 e5 12. Qc2 e4 13. Nd4 Nxd4 14. exd4 Bg4 15. h3 Bxe2 16. Qxe2 Re8 17. Nd1 g6 18. g4 b6 19. cxb6 Bxb6 {½-½ (44) Aris,T (2062)-Frost,P (1704) Penang 2019}) 10. Bb2 (10. Nxe5 $16 Nxe5 11. Na4) 10... Qc7 (10... Bb8 $14) 11. Qb3 {White is better.} Bd7 12. b5 (12. Nxe5 $16 Nxe5 13. Be2) 12... Na5 (12... Bxc3+ $5 13. Bxc3 axb5 $15) 13. Qb4 Nc4 (13... Bxc3+ $1 $11 14. Bxc3 axb5) 14. Bxc4 $16 dxc4 15. b6 Qb8 (15... Bxc3+ $16 16. Bxc3 Qc6) 16. Nxe5 ({Not} 16. Qxc4 O-O $14) 16... Qxe5 $2 {[#]} (16... a5 17. Nxd7 (17. Qxc4 Qxe5 18. Qd4 Qxd4 $16) 17... axb4 18. Nxb8 bxc3 19. Bxc3 Rxb8) 17. Nb5 $1 $18 {[%cal Rb5c7]} Qb8 18. Nd6+ (18. Nc7+ $142 Kf8 19. c6+ Kg8 20. cxd7 Nxd7 21. Nxa8 Qxa8 22. Qxc4) 18... Kf8 19. Qxc4 Bc6 20. f3 Qd8 21. O-O Nh5 $2 {[#]} (21... Ne8 {keeps fighting.} 22. Rfd1 Qg5) 22. Qc3 Qe7 23. g4 Nf6 24. Kg2 (24. Rf2 $18) 24... Rg8 (24... h5 $16) 25. h3 Nd5 26. Qd2 $36 {[%mdl 2048] Keeping Black busy.} e5 (26... Qg5 $16) 27. e4 Nf4+ 28. Kg3 f5 $2 (28... g6 $16) 29. exf5 g6 30. Rae1 {Accuracy: White = 38%, Black = 25%.} 1-0

[Event "Stay Safe Play From Home 346"]
[Site "Emanuel Lasker Arena"]
[Date "2020.07.31"]
[Round "5"]
[White "Edmatuag"]
[Black "SelamiSahin"]
[Result "0-1"]
[WhiteElo "1725"]
[BlackElo "2072"]
[Annotator "TA"]
[PlyCount "58"]
[EventDate "2020.07.31"]
[EventType "swiss (blitz)"]

{[%evp 9,57,1,0,-36,-10,-27,-31,-28,0,-26,-4,0,-4,-34,-5,-65,-21,-55,6,-14,21,7,10,7,16,0,16,23,29,-82,-81,-85,-104,-211,-69,-162,-107,-145,-75,-113,-41,-299,0,0,53,-1173,-1099,-29997,-29998,-29999]} 1. d3 c6 2. c3 d5 3. Nd2 Nf6 {[#]} 4. g3 $146 ({Predecessor:} 4. e4 e5 5. Ngf3 Bd6 6. Be2 O-O 7. h3 Re8 8. Qc2 a5 9. Nf1 Nbd7 10. g4 dxe4 11. dxe4 {0-1 (63) Noble,M (2241)-Moskow,E (2127) Auckland 2016}) 4... h5 5. Bg2 h4 6. Qc2 {A00: Irregular Openings.} hxg3 7. hxg3 Rxh1 8. Bxh1 {Black is slightly better.} Bf5 9. e4 dxe4 10. dxe4 Bg6 11. f4 e5 12. f5 (12. Nc4 $11) 12... Bh5 (12... Qb6 $5 {[%cal Rb6g1]} 13. Kf1 Qa6+ 14. c4 Bh5 $11) 13. Bf3 Bxf3 (13... Qb6 $15 14. Kf1 Bxf3 15. Ndxf3 Nbd7) 14. Ndxf3 Bd6 15. Bg5 Qc7 16. O-O-O Nbd7 17. g4 Nxg4 18. Qg2 $1 {[%cal Rg2g4]} Ngf6 19. Bxf6 (19. Bh4 $1 $11 {remains equal.}) 19... gxf6 $17 20. Qg8+ Bf8 21. Ne2 (21. Nh3 $17 {was called for.}) 21... a5 (21... Rd8 $19 22. Qg1 Bh6+ 23. Kc2 Qa5) 22. Ng3 (22. Kc2 $15) 22... a4 (22... O-O-O $19 {Strongly threatening ...Bh6+.} 23. Qh7 Qb6) 23. Nh5 O-O-O {...Bh6+ is the strong threat.} 24. Qxf7 a3 ({Better is} 24... Qb6 $17 25. Rd3 (25. Nxf6 $2 Bh6+ 26. Kb1 a3 $19) 25... a3 26. bxa3 Bxa3+ 27. Kc2 Nc5 $1 {[%mdl 512]} 28. Rxd8+ Qxd8) 25. b3 $2 {[%mdl 8192]} (25. Nxf6 $15 Nxf6 26. Qxf6 axb2+ 27. Kxb2 Rxd1 28. Qxf8+ Qd8 29. Qxd8+ Kxd8 30. Kc2) 25... Qa5 $2 (25... Qb6 $19 26. Rd3 Bh6+ 27. Kd1 Nc5 {[%mdl 64] Double Attack} 28. Rxd8+ Qxd8+ 29. Ke1 Qd3 30. Qg8+ Kc7 31. Qh7+ {[#]} Kb6 $1 {[%mdl 512]} 32. Qxh6 Qxf3 33. Nxf6 Nxb3 $1 {[%mdl 512]}) 26. Kc2 $11 {aiming for Qe6.} Qc5 (26... Qb6 $1 $11 27. Nxf6 (27. Rxd7 $2 Rxd7 28. Qxf8+ Rd8 $17) 27... Qf2+ 28. Rd2 Qxf3) 27. Rxd7 $4 {[%mdl 8192]} (27. Rd3 $14 Qe7 28. Qe6) 27... Rxd7 $19 28. Qe6 Qf2+ {[%mdl 64] Double Attack} 29. Kc1 Qb2# {Accuracy: White = 35%, Black = 44%.} 0-1

[Event "Stay Safe Play From Home 346"]
[Site "Emanuel Lasker Arena"]
[Date "2020.07.31"]
[Round "5"]
[White "Haris kollari 13"]
[Black "Little champs"]
[Result "1-0"]
[WhiteElo "1679"]
[BlackElo "2188"]
[Annotator "NA"]
[PlyCount "89"]
[EventDate "2020.07.31"]
[EventType "swiss (blitz)"]

1. e4 {[%emt 0:00:01]} c6 {[%emt 0:00:00]} 2. f4 {[%emt 0:00:01]} d5 {[%emt 0:00:00]} 3. e5 {[%emt 0:00:00]} c5 {[%emt 0:00:01]} 4. d4 {[%emt 0:00:00]} Nc6 {[%emt 0:00:01]} 5. Nf3 {[%emt 0:00:00]} cxd4 {[%emt 0:00:00]} 6. Nxd4 {[%emt 0:00:02]} g6 {[%emt 0:00:00]} 7. c3 {[%emt 0:00:01]} Bg7 {[%emt 0:00:01]} 8. Be3 {[%emt 0:00:01]} a6 {[%emt 0:00:02]} 9. a3 {[%emt 0:00:01]} Nxd4 {[%emt 0:00:01]} 10. cxd4 {[%emt 0:00:01]} Bf5 {[%emt 0:00:01]} 11. Nc3 {[%emt 0:00:02]} e6 {[%emt 0:00:01]} 12. g4 {[%emt 0:00:02]} Be4 {[%emt 0:00:02]} 13. Nxe4 {[%emt 0:00:01]} dxe4 {[%emt 0:00:01]} 14. Bg2 {[%emt 0:00:01]} Qd5 {[%emt 0:00:02]} 15. Qd2 {[%emt 0:00:02]} Ne7 {[%emt 0:00:01]} 16. O-O {[%emt 0:00:01]} Nc6 {[%emt 0:00:00]} 17. Rad1 {[%emt 0:00:03]} Rd8 {[%emt 0:00:01]} 18. Rfe1 {[%emt 0:00:01]} O-O {[%emt 0:00:01]} 19. Bf2 {[%emt 0:00:01]} Qb5 {[%emt 0:00:02]} 20. Bxe4 {[%emt 0:00:01]} Na5 {[%emt 0:00:00]} 21. b4 {[%emt 0:00:02]} Nc4 {[%emt 0:00:01]} 22. Qa2 {[%emt 0:00:02]} Rd7 {[%emt 0:00:04]} 23. Bd3 {[%emt 0:00:01]} Qd5 {[%emt 0:00:01]} 24. Bxc4 {[%emt 0:00:02]} Qc6 {[%emt 0:00:01]} 25. Bd3 {[%emt 0:00:02]} Rfd8 {[%emt 0:00:01]} 26. Qe2 {[%emt 0:00:01]} Bf8 {[%emt 0:00:01]} 27. Be4 {[%emt 0:00:01]} Qa4 {[%emt 0:00:02]} 28. Qf3 {[%emt 0:00:01]} a5 {[%emt 0:00:01]} 29. bxa5 {[%emt 0:00:01]} Qxa5 {[%emt 0:00:01]} 30. Bxb7 {[%emt 0:00:02]} Bxa3 {[%emt 0:00:02]} 31. Ra1 {[%emt 0:00:02]} Qb6 {[%emt 0:00:04]} 32. Bc6 {[%emt 0:00:02]} Rc7 {[%emt 0:00:00]} 33. Rxa3 {[%emt 0:00:02]} Rxc6 {[%emt 0:00:01]} 34. Rb3 {[%emt 0:00:04]} Qc7 {[%emt 0:00:01]} 35. Reb1 {[%emt 0:00:01]} Rd7 {[%emt 0:00:02]} 36. h4 {[%emt 0:00:01]} Rd5 {[%emt 0:00:01]} 37. h5 {[%emt 0:00:01]} Kg7 {[%emt 0:00:01]} 38. h6+ {[%emt 0:00:01]} Kxh6 {[%emt 0:00:01]} 39. g5+ {[%emt 0:00:00]} Kg7 {[%emt 0:00:00]} 40. Qh3 {[%emt 0:00:00]} Rc1+ {[%emt 0:00:01]} 41. Rxc1 {[%emt 0:00:02]} Qxc1+ {[%emt 0:00:01]} 42. Kg2 {[%emt 0:00:00]} Qxf4 {[%emt 0:00:01]} 43. Qh6+ {[%emt 0:00:01]} Kg8 {[%emt 0:00:03]} 44. Rb8+ {[%emt 0:00:00]} Rd8 {[%emt 0:00:02]} 45. Rxd8# {[%emt 0:00:00] (Lag: Av=0.80s, max=2.0s)} 1-0

[Event "Stay Safe Play From Home 346"]
[Site "Emanuel Lasker Arena"]
[Date "2020.07.31"]
[Round "5"]
[White "Mw testing"]
[Black "Buzaglo"]
[Result "1-0"]
[WhiteElo "1618"]
[BlackElo "1878"]
[Annotator "NA RC"]
[PlyCount "71"]
[EventDate "2020.07.31"]
[EventType "swiss (blitz)"]

1. d4 {[%emt 0:00:01]} e6 {[%emt 0:00:00]} 2. c4 {[%emt 0:00:01]} d5 {[%emt 0:00:00]} 3. Nf3 {[%emt 0:00:02]} Nf6 {[%emt 0:00:01]} 4. g3 {[%emt 0:00:01]} Bb4+ {[%emt 0:00:00]} 5. Bd2 {[%emt 0:00:01]} Bxd2+ {[%emt 0:00:01]} 6. Qxd2 {[%emt 0:00:00]} O-O {[%emt 0:00:00]} 7. Bg2 {[%emt 0:00:00]} c5 {[%emt 0:00:00]} 8. O-O {[%emt 0:00:01]} Nc6 {[%emt 0:00:01]} 9. Nc3 {[%emt 0:00:01]} cxd4 {[%emt 0:00:01]} 10. Nxd4 {[%emt 0:00:01]} Nxd4 {[%emt 0:00:01]} 11. Qxd4 {[%emt 0:00:02]} dxc4 {[%emt 0:00:01]} 12. Qxc4 {[%emt 0:00:01]} a6 {[%emt 0:00:04]} 13. Rfd1 {[%emt 0:00:01]} Qe7 {[%emt 0:00:01]} 14. Rac1 {[%emt 0:00:02]} b5 {[%emt 0:00:01]} 15. Qh4 {[%emt 0:00:03]} Rb8 {[%emt 0:00:01]} 16. Rd2 {[%emt 0:00:02]} Bb7 {[%emt 0:00:01]} 17. Rcd1 {[%emt 0:00:01]} Bxg2 {[%emt 0:00:01]} 18. Kxg2 {[%emt 0:00:00]} h6 {[%emt 0:00:02]} 19. Qd4 {[%emt 0:00:02]} Nd5 {[%emt 0:00:03]} 20. Nxd5 {[%emt 0:00:02]} exd5 {[%emt 0:00:00]} 21. Qxd5 {[%emt 0:00:01]} Qb4 {[%emt 0:00:02]} 22. Qf3 {[%emt 0:00:01]} Rbc8 {[%emt 0:00:03]} 23. a3 {[%emt 0:00:00]} Qa5 {[%emt 0:00:03]} 24. Rd7 {[%emt 0:00:01]} b4 {[%emt 0:00:02]} 25. axb4 {[%emt 0:00:03]} Qxb4 {[%emt 0:00:02]} 26. Ra7 {[%emt 0:00:00]} Qxb2 {[%emt 0:00:06]} 27. Rdd7 {[%emt 0:00:01]} Qa2 {[%emt 0:00:03]} 28. Qd3 {[%emt 0:00:06]} Rc2 {[%emt 0:00:03]} 29. Rxa6 {[%emt 0:00:01]} Qb2 {[%emt 0:00:07]} 30. Re7 {[%emt 0:00:04]} Rd2 {[%emt 0:00:02]} 31. Qf3 {[%emt 0:00:02]} Qd4 {[%emt 0:00:04]} 32. Raa7 {[%emt 0:00:01]} Qd8 {[%emt 0:00:00]} 33. Rxf7 {[%emt 0:00:01]} Rd6 {[%emt 0:00:02]} 34. Rxg7+ {[%emt 0:00:01]} Kh8 {[%emt 0:00:01]} 35. Rh7+ {[%emt 0:00:00]} Kg8 {[%emt 0:00:00]} 36. Rag7# {[%emt 0:00:00] Mate} 1-0